|
|
|
|
| LEADER |
00000nam0a2200000 4500 |
| 001 |
259998 |
| 005 |
20231101233434.0 |
| 035 |
|
|
|a (RuTPU)RU\TPU\book\282944
|
| 090 |
|
|
|a 259998
|
| 100 |
|
|
|a 20140513d1963 km y0rusy50 ca
|
| 101 |
0 |
|
|a rus
|
| 102 |
|
|
|a RU
|
| 105 |
|
|
|a a z 001zy
|
| 200 |
1 |
|
|a Теория и применение ферритов на сверхвысоких частотах
|f А. Л. Микаэлян
|
| 210 |
|
|
|a Москва
|a Ленинград
|c Госэнергоиздат
|d 1963
|
| 215 |
|
|
|a 663 с.
|c ил.
|
| 320 |
|
|
|a Библиогр.: с. 661-663.
|
| 606 |
1 |
|
|a Ферриты
|x Применение в высокочастотных устройствах
|x Радиотехника
|2 stltpush
|3 (RuTPU)RU\TPU\subj\63606
|9 80594
|
| 610 |
1 |
|
|a свойства
|
| 610 |
1 |
|
|a параметры
|
| 610 |
1 |
|
|a электромагнитные явления
|
| 610 |
1 |
|
|a волноводы
|
| 610 |
1 |
|
|a резонаторы
|
| 610 |
1 |
|
|a магнитное вращение
|
| 610 |
1 |
|
|a эффект Фарадея
|
| 610 |
1 |
|
|a фазовращатели
|
| 610 |
1 |
|
|a ферритовые устройства
|
| 675 |
|
|
|a 621.396.6.029
|v 3
|
| 700 |
|
1 |
|a Микаэлян
|b А. Л.
|g Андрей Леонович
|
| 801 |
|
1 |
|a RU
|b 63413507
|c 20140513
|
| 801 |
|
2 |
|a RU
|b 63413507
|c 20180917
|g RCR
|
| 942 |
|
|
|c BK
|